| 000 | 00815nam a22002777a 4500 | ||
|---|---|---|---|
| 001 | 7344 | ||
| 003 | FISKH | ||
| 005 | 20250710093025.0 | ||
| 008 | 250710b cb ||||| |||| 00| 0 eng d | ||
| 020 | _a9780545767231 | ||
| 040 |
_aFISKH _beng _cFISKH _dFISKH |
||
| 050 | _aPZ7 | ||
| 082 | _a448.6 | ||
| 100 | _aCharlesworth, Liza | ||
| 245 |
_aThe three little pigs / _cRetold by Liza Charlesworth ; Illustrated by Ian Smith |
||
| 260 |
_aNew York : _bScholastic, _c2014. |
||
| 300 |
_a16 pages : _bcolor illustrations ; _c23 cm |
||
| 505 | _aE | ||
| 520 | _aThe big bad wolf tries to catch three little pigs. | ||
| 521 | 8 |
_a240
_bLexile |
|
| 521 | 8 |
_aE
_bRaz-Plus |
|
| 650 |
_aFairy tale _vFolktales _xFeelings |
||
| 700 |
_aSmith, Ian _eillustrator |
||
| 942 |
_2ddc _cBK _n0 |
||
| 999 |
_c7344 _d7344 |
||